000 00316nam a2200133Ia 4500
005 20251222144743.0
008 251222s9999||||xx |||||||||||||| ||spa||
020 _a88-211-7019-5
082 _a225/M26
100 _aConferenza Episcopale Italiana
245 0 _aNuevo Testamento
264 _bMarietti
942 _cLIB
999 _c19022
_d19022